Masken in Mitteleuropa (Record no. 10264)

MARC details
000 -CABECERA
campo de control de longitud fija 00830nam a2200229 a 4500
001 - NÚMERO DE CONTROL
campo de control BRL_1454
005 - FECHA Y HORA DE LA ÚLTIMA TRANSACCIÓN
campo de control 20190320211220.0
008 - DATOS DE LONGITUD FIJA--INFORMACIÓN GENERAL
campo de control de longitud fija 150114s1955----au-aob####---#000-0#ger-#
041 ## - CÓDIGO DE LENGUA
Código de lengua del texto/banda sonora o título independiente ger
044 ## - CÓDIGO DEL PAÍS DE LA ENTIDAD EDITORA/PRODUCTORA
Código MARC del país au
050 #4 - SIGNATURA TOPOGRÁFICA DE LA BIBLIOTECA DEL CONGRESO
Número de clasificación GT1747
Número de documento/Ítem .M37 1955
245 10 - MENCIÓN DE TÍTULO
Título Masken in Mitteleuropa
Resto del título volkskundliche Beiträge zur europäischen Maskenforschung : Anlässlich des sechzigjährigen Bestehens des Vereines für Volkskunde in Wien
Mención de responsabilidad, etc. herausgegeben von Leopold Schmidt.
260 ## - PUBLICACIÓN, DISTRIBUCIÓN, ETC.
Lugar de publicación, distribución, etc. Wien
Fecha de publicación, distribución, etc. 1955
300 ## - DESCRIPCIÓN FÍSICA
Extensión 253 p.
Otras características físicas il., mapas, 27 láminas
Dimensiones 24 cm.
440 #0 - MENCIÓN DE SERIE/PUNTO DE ACCESO ADICIONAL--TÍTULO
Título Sonderschriften des Vereines für Volkskunde in Wien
Designación de volumen o secuencia 1
9 (RLIN) 26969
500 ## - NOTA GENERAL
Nota general Au1798
650 14 - PUNTO DE ACCESO ADICIONAL DE MATERIA--TÉRMINO DE MATERIA
Término de materia o nombre geográfico como elemento de entrada Máscaras
Subdivisión geográfica Europa
9 (RLIN) 26970
700 1# - PUNTO DE ACCESO ADICIONAL--NOMBRE DE PERSONA
Nombre de persona Schmidt, Leopold,
Fechas asociadas al nombre 1912-1981
Término indicativo de función/relación ed.
9 (RLIN) 26971
710 2# - PUNTO DE ACCESO ADICIONAL--NOMBRE DE ENTIDAD CORPORATIVA
Nombre de entidad corporativa o nombre de jurisdicción como elemento de entrada Vereines für Volkskunde in Wien
9 (RLIN) 26972
902 ## - CATALOGADOR
Iniciales GRL
942 ## - ELEMENTOS DE PUNTO DE ACCESO ADICIONAL (KOHA)
Fuente del sistema de clasificación o colocación Library of Congress Classification
Tipo de ítem Koha Libros
Holdings
Estado de retiro Estado de pérdida Estado dañado No para préstamo Localización permanente Ubicación/localización actual Fecha de adquisición Número de inventario Total de préstamos Signatura topográfica completa Código de barras Fecha visto por última vez Precio válido a partir de Tipo de ítem Koha
El ejemplar forma parte de la colección y puede ser consultado según las políticas vigentes.       Biblioteca Centro de Estudios Ruth D. Lechuga Biblioteca Centro de Estudios Ruth D. Lechuga 15/01/2014 Au1798   GT1747 .M37 1955 (Au1798) GRL01614 22/03/2019 22/03/2019 Libros